<An> Integrated Approach in Production Planning and Scheduling

Na minha lista:
Detalhes bibliográficos
Autor principal: Dauzére-Péres, Stéphane
Outros Autores: Lasserre, Jean-Bernard
Formato: Livro
Idioma:inglês
Publicado em: Berlin Springer 1994
Edição:1. ed.
Colecção:Lecture Notes in Economics and Mathematical Systems 411
Assuntos:
Tags: Adicionar Tag
Sem tags, seja o primeiro a adicionar uma tag!

MARC

LEADER 00000nam a2200000 4500
001 c005978
005 20221205140639.1
020 |a 3-540-57905-2 
041 0 |a eng 
044 |a DE 
245 1 0 |a <An> Integrated Approach in Production Planning and Scheduling  |c Stéphane Dauzére-Péres, Jean-Bernard Lasserre 
250 |a 1. ed. 
264 1 |a Berlin  |b Springer  |c 1994 
300 |a 136 s. 
490 1 |a Lecture Notes in Economics and Mathematical Systems  |v 411 
830 0 |a Lecture Notes in Economics and Mathematical Systems  |v 411 
610 2 0 |a výroba 
610 2 0 |a plánovanie výroby 
610 2 0 |a manažment 
610 2 0 |a programy výrobné 
610 2 0 |a integrácia výroby 
610 2 0 |a modely plánovania 
100 1 |a Dauzére-Péres, Stéphane 
700 1 |a Lasserre, Jean-Bernard